000 00656nam a2200205 a 4500
001 000011215
005 20240412074224.0
008 091015s2004 dr a r 000 p spa d
020 _a9993479314
040 _aDO-SdBNP
_bspa
_cBNPHU
082 _aRD861.44
_bR696po
100 1 _aRodríguez Polanco, Carlos Manuel
_d1968-
_920462
245 1 0 _aPoemas para la navidad /
_cCarlos Manuel Rodríguez Polanco.
260 _aSanto Domingo :
_bBúho,
_c2004.
300 _a77 p. :
_bil. ;
_c23 cm.
590 _aInventariado, 2018/BT
650 0 _aPoesía dominicana
_966
650 0 _aLiteratura dominicana.
_967
910 _aValidado. Control de calidad. MMOLINA
999 _c10934
_d10934